Ilorin journal of computer science and information technology (Record no. 38267)

MARC details
000 -LEADER
fixed length control field 00513nam a2200169Ia 4500
022 ## - INTERNATIONAL STANDARD SERIAL NUMBER
ISSN Lc holding info.
050 ## - CALL MARK
Classification number QA 76.9 .I46/
245 #0 - TITLE STATEMENT
Title Ilorin journal of computer science and information technology
260 ## - PUBLICATION, DISTRIBUTION, ETC. (IMPRINT)
Place of publication Ilorin, Nigeria
260 ## - PUBLICATION, DISTRIBUTION, ETC. (IMPRINT)
Name of publisher Department of computer science
260 ## - PUBLICATION, DISTRIBUTION, ETC. (IMPRINT)
Year of publication 2016
300 ## - PHYSICAL DESCRIPTION
Number of Pages xi, 89 p. :ill. 24 cm.
650 ## - SUBJECT ADDED ENTRY--TOPICAL TERM
Topical Term Computer security--Congresses. Data protection--Congresses.
942 ## - ADDED ENTRY ELEMENTS (KOHA)
Koha item type Serials

No items available.